| 000 | 00705nam a22001937a 4500 | ||
|---|---|---|---|
| 003 | OSt | ||
| 005 | 20251128142542.0 | ||
| 008 | 251128b |||||||| |||| 00| 0 eng d | ||
| 020 | _a971-506-080-3. | ||
| 040 |
_aDWCL-Main lib _cOC |
||
| 082 |
_2Revised 2001 ed. _aFil. 890.3 D582p 2001 |
||
| 100 | _aDimalanta, Ophelia A. | ||
| 245 |
_aPhilippine contemporary literature in English : _btradition and change (from the 20's to the present) _cDimalanta, Ophelia A. |
||
| 260 |
_a[Manila] : _bUST Publising House, _cc2001. |
||
| 300 |
_axii, 373 pages ; _c23 cm. |
||
| 650 | _21.Philippine literature (English)--20th century. | ||
| 700 | _aMata, Virginia M. | ||
| 942 |
_2ddc _cBK - FIL _eRevised 2001 ed. _kFil. _n0 |
||
| 999 |
_c6571 _d6571 |
||